Százötven szakelőadás társadalmi munkában titkári értekezlet a TIT-ben
Elmentve itt :
| Dokumentumtípus: | Cikk |
|---|---|
| Megjelent: |
1963-03-08
|
| Sorozat: | Délmagyarország
53 No. 56 |
| Kulcsszavak: | TIT, Ismeretterjesztés Szeged beszámoló 1963 |
| Online Access: | http://dmarchiv.bibl.u-szeged.hu/74454 |
| LEADER | 00484nab a2200145 i 4500 | ||
|---|---|---|---|
| 001 | delm74454 | ||
| 005 | 20180928082637.0 | ||
| 008 | 180928s1963 hu o 0|| hun d | ||
| 040 | |a SZTE Délmagyarország Archívum |b hun | ||
| 041 | |a hun | ||
| 245 | 0 | 0 | |a Százötven szakelőadás társadalmi munkában |h [elektronikus dokumentum] : |b titkári értekezlet a TIT-ben |
| 260 | |c 1963-03-08 | ||
| 300 | |a 4 | ||
| 490 | 0 | |a Délmagyarország |v 53 No. 56 | |
| 695 | |a TIT, Ismeretterjesztés Szeged beszámoló 1963 | ||